| 000 | 00428cas a22001815a 4500 | ||
|---|---|---|---|
| 001 | ##L103774 | ||
| 008 | 070705c1997 ne mr p 0 a0eng u | ||
| 022 | 1 | _a1385-4569 | |
| 035 | _a(Sirsi) u103774 | ||
| 041 | 0 | _aeng | |
| 245 | 0 | 0 | _aHydro International |
| 260 | 3 |
_aLemmer _bGITC _c1997- |
|
| 520 | _aKept for five years | ||
| 554 | _a10 per year | ||
| 651 | 4 | _aInternational | |
| 690 |
_aHydrography _96245 |
||
| 942 | _n0 | ||
| 999 |
_c118715 _d118715 |
||